00378 a2200109 4500001000900000005001700009008004100026245006500067100002600132700003400158773007600192ART_997320260410161839.0260409a 10aEl análisis C.V.U. en la selección de cursos de acción1 aYardin, Amaro Ramón1 aRodríguez Jauregui, Hugo A.0 tContabilidad y administracióng- Año 7, Nº 75 (set. 1983)wREV5485